LEADER 01314nam a2200289 i 4500 001 000000117543 003 CaOOAMICUS 005 20030901000000.0 008 030901s1988 it u000 u ita u 013 $a90232 020 $a88-311-7236-0 040 $aSeMil$bita 100 1 $aCabrera de Armida, María Conceptión .$0(OLS)http://semarc/name/49062 240 10$aCartas de una madre de familia : Concepción Cabrera de Armida.$0(OLS)http://semarc/title/172543 245 10$aLettere di una madre /$cConchita Cabrera ; scelte e ordinate da Dolores Icaza Conrey. 260 $aRoma :$bCittà Nuova,$c1988. 300 $a197 p. :$b[1] ritratto ;$c20 cm. 500 $aFondo Card. Carlo Maria Martini. 650 4$aCabrera de Armida, Concepción - Lettere e carteggi.$0(OLS)http://semarc/subject/21782 700 1 $aIcaza Conrey, Dolores.$0(OLS)http://semarc/name/49063 850 $aSeMil 852 $aSeMil$W1$xVenegono$y1$m3J I 5$j72912$B72912$CSeMilBibl$Z2$F90920 $81 941 1 $a4 961 $aOmaggio: Martini Card. Carlo Maria 996 $6020$a88-311-7236-0$9(OLS)http://semarc/number/101943 996 $6245$aLettere di una madre$9(OLS)http://semarc/title/172542 996 $6260$aRoma :$bCittà Nuova$9(OLS)http://semarc/publisher/29609 LEADER 00819nam a2200205 4500 001 000000366540 003 CaOOAMICUS 005 20260220101009.0 008 260220s1912 it 000 u ita r 040 $aSeMil$bita 100 1 $aVicariato di Roma.$0(OLS)http://semarc/name/71375 245 10$aRegolamento per la musica sacra in Roma. 264 1$aRoma :$bTipografia Poliglotta Vaticana,$c1912. 300 $a11 p. ;$c27 cm 650 4$aMusica sacra.$0(OLS)http://semarc/subject/1556 850 $aSeMil 852 $aSeMil$W1$xVenegono$y1$m5D VIII 7/13$j267394$B257285$CSeMilBibl$Z2$F257285 $8M 996 $6245$aRegolamento per la musica sacra in Roma$9(OLS)http://semarc/title/458288 996 $6264$aRoma :$bTipografia Poliglotta Vaticana$9(OLS)http://semarc/publisher/30471